000 01185nab a22002177a 4500
999 _c6420
_d6420
003 OSt
005 20260202135312.0
008 190429b xxu||||| |||| 00| 0 spa d
040 _cPJ
100 _aCosta Calvo, Eduardo
_97055
245 1 0 _a El delito de trata de personas. La problemática del consentimiento. La víctima :
_b¿cláusula de no punibilidad o excusa absolutoria? /
_cEduardo Costa Calvo.
260 _cCiudad Autónoma de Buenos Aires :
_aThomson Reuters La Ley,
_b2023.
300 _ap. 95-106
500 _aCita Online: AR/DOC/2388/2023.
505 _aSumario: I. Introducción.— II. Análisis de las acciones típicas.— III. La problemática del consentimiento.— IV. Tipo subjetivo.— V. Estudio de los principales agravantes.— VI. La víctima. ¿Cláusula de no punibilidad o excusa absolutoria?
505 _tSi te interesa el texto completo, solicitalo a koha@justierradelfuego.gov.ar
650 0 _9343
_aDERECHO PENAL
650 0 _93056
_aTRATA DE PERSONAS
773 0 _02658
_93164
_tRevista de derecho penal y criminología. Nº 10 - Noviembre 2023
_dCiudad Autónoma de Buenos Aires : Thomson Reuters La Ley, 2017-
_x00347914
942 _2udc
_cANA